000 00680cab a2200229 4500
001 E84613
008 090401t1996 xxu||||| |||| 00| 0 eng d
035 _a(Sirsi) u79013
041 _aeng
100 _aMasterman, E
245 _aConditions of engagement
260 _c1996
350 _a0
490 _aProperty Law
_v(24) December 1996, 2-3(2)
520 _aLooks at the RICS Appraisal and Valuation Manual following its introduction in January 1996.
650 _aCONDITIONS OF ENGAGEMENT
650 _aRICS APPRAISAL AND VALUATION MANUAL
650 _aRICS APPRAISAL AND VALUATION MANUAL
690 _aRATING AND VALUATION
942 _n0
948 _c18/06/1997
999 _c49651
_d49651